Teoretické pohľady na manažérsku spôsobilosť a jej ohodnocovanie

Poznatky o manažérskej spôsobilosti. Sedem bodov, v ktorých sa charakterizuje pojem spôsobilosť. Miera spôsobilosti manažérov a kvalita a efektivita ich práce. Kompetenčný model. Ohodnocovanie manažérskej kompetentnosti.

Na minha lista:
Detalhes bibliográficos
Autor principal: Mišúnová Hudáková, Ivana, 1976-
Outros Autores: Mišún, Juraj, 1978-
Formato: Capítulo de Livro
Idioma:eslovaco
Assuntos:
Tags: Adicionar Tag
Sem tags, seja o primeiro a adicionar uma tag!

MARC

LEADER 00000naa$a2200000$$$4500
001 0155098
005 20240502072728.4
041 0 |a slo 
044 |a SK 
245 1 0 |a Teoretické pohľady na manažérsku spôsobilosť a jej ohodnocovanie  |c Ivana Mišúnová Hudáková, Juraj Mišún 
520 |a Poznatky o manažérskej spôsobilosti. Sedem bodov, v ktorých sa charakterizuje pojem spôsobilosť. Miera spôsobilosti manažérov a kvalita a efektivita ich práce. Kompetenčný model. Ohodnocovanie manažérskej kompetentnosti. 
610 2 0 |a manažéri 
610 2 0 |a riadenie 
610 2 0 |a schopnosti pracovné 
610 2 0 |a vedomosti 
610 2 0 |a spôsobilosť k práci 
610 2 0 |a kreativita 
610 2 0 |a efektívnosť 
100 1 |a Mišúnová Hudáková, Ivana, 1976- 
700 1 |a Mišún, Juraj, 1978-